000 00824nam a2200253Ia 4500
003 OSt
005 20220918230455.0
006 a|||||r|||| 00| 0
007 ta
008 220917b |||||||| |||| 00| 0 eng d
024 _a254,015
037 _cTextual
040 _aARTS
_cARTS
_beng
041 _2eng
_aeng
082 _aAu6:N5, K6
110 _aUnited Nations Educational, Scientific and Cultural Organization
_946493
245 0 _aScientific research in Africa
_b National policies, research institutions
260 _aPlace
_bde Fontenoy United Nations Educational, Scientific and Cultural
_c1966
300 _a214p.
_ccm.
650 _aSCIENCE
700 _aUnited Nations Educational, Scientific and Cultural Organization
_946494
942 _hAu6:N5, K6
_cTEXL
_2CC
999 _c288137
_d288137